Mieszko I - Statystyki

Ogólne statystyki
  • Ten quiz został rozwiązany 7 razy
  • Średni wynik to 10 z 15
Statystyki odpowiedzi
Hint Odpowiedź % Poprawnych
syn pierworodny i następca Mieszka I Bolesław Chrobry
100%
pierwsza żona Miszka I Dobrawa
100%
stolica Polski za Mieszka I Gniezno
100%
chrzest Polski (data) 966
86%
ślub Mieszka I z Dobrawą (data) 965
71%
śmierć Mieszka I (data) 992
71%
druga żona Mieszka I Oda
71%
bitwa pod Cedynią (data) 972
57%
ślub Mieszka I z Odą (data) 980
57%
Dagome iudex (data) 991
57%
margrabia Hodon został pokonany pod... Cedynią
57%
Mieszko I był w sojuszu z Czechami
57%
akt oddania państwa polskiego pod opiekę papieża Dagome iudex
57%
pierwszy biskup Polski Jordan
29%
pierwsze biskupstwo w Polsce zostało założone w Poznaniu
29%
Nie znaleziono quizów pasujących do podanych kryteriów
Rozkład punktacji
Procent ludzi z każdym wynikiem
Percentyl według liczby udzielonych odpowiedzi
Twoja historia wyników
Nie rozwiązałeś tego quizu